1062 1019 1119 1186 1324 1749 1070 1962 1449 1582 1196 1767 1230 1476 1719 1228 1233 1304 1433 1245 1421 1150 1676 1309 1687 1101 1724 1414 1775 1093 1932 1274 1570 1517 1067 1761 1756 1980 1022 1556 1181 1594 1525 1860 1898 1793 1274 1995 1645 1848 1273 1202 1519 1460 1471 1252 1673 1558 1854 1498 1370 1580 1359 1489 1085 1717 1945 1387 1101 1005 1863 1225 1103 1734 1201 1708 1523 1215 1862 1886 1041 1306 1522 1450 1541 1196 1714 1939 1205 1774 1904 1978 1769 1309 1898 1578 1799 1926 1577 BCNSPRNW ULIB Ver.6.0+V

เปลี่ยนเป็นภาษาไทย

Change to English
 แสดงรายละเอียดบรรณานุกรม
  กลับหน้าหลัก

Brief Record : Get Marc (ISO 2709) : E-mail record : QR code < ปิดหน้าต่าง
LEADER : 00000nam 2200000uu 4500
001    13399123168
003     ULIB
008    020711s2556 th a 000 0 tha d
020    9789742479992
050  4 BF637^bว232จ
090    BF637^bว232จ
100    วรภัทร์ ภู่เจริญ
245    จุดตะเกียงดีกว่าด่าความมืด /^cวรภัทร์ ภู่เจริญ
250    พิมพ์ครั้งที่ 4
260    กรุงเทพฯ :^bอัมรินทร์ HOW-TO,^c2556
300    120 หน้า;^b19 ซม.
650    จิตวิทยาประยุกต์
650    จิตวิทยาพัฒนาตนเอง
650    ความคิดและการคิด
945    ^p135^l0^i034425
999    ^aเกษร โพธิ์สุวรรณ
รายการนี้ยังไม่มีแท็ก
คุณยังไม่ได้ล็อกอิน คุณสามารถมีกิจกรรมร่วมกับเว็บไซต์ได้ แต่ต้องล็อกอินก่อน ::
  ล็อกอิน

รายการสื่อสารสนเทศ

ลำดับที่ ประเภท เลขเรียก/บาร์โค้ด สถานที่ สถานะ
1. การศึกษาทั่วไป
การศึกษาทั่วไป
BF637 ว232จBF637 ว232จ ฉ.1 
  Barcode: 034425
ห้องสมุดวิทยาเขตสวรรค์ประชารักษ์
►หนังสือทั่วไป
บนชั้น

รายการใกล้เคียง
    ผู้แต่ง [วรภัทร์ ภู่เจริญ]

    หัวเรื่อง [จิตวิทยาประยุกต์]
    หัวเรื่อง [จิตวิทยาพัฒนาตนเอง]
    หัวเรื่อง [ความคิดและการคิด]

BibComment


ยังไม่เคยถูกคอมเมนท์

คอมเมนท์ทรัพยากรรายการนี้
  คอมเมนท์: จุดตะเกียงดีกว่าด..


 Copyright 2026. Bcnsprnw @Library